| 000 | 00477nam a2200157Ia 4500 | ||
|---|---|---|---|
| 008 | 240126s9999 xx 000 0 und d | ||
| 022 | _a0973-936X | ||
| 041 | _aEnglish | ||
| 082 | _aLIBRARY-MBA | ||
| 245 | 0 | _aManagement Insight : the journal of incisive analysers (June, 2017- ) | |
| 260 |
_bSchool of Management Sciences _aVaranasi |
||
| 440 | _aNULL | ||
| 650 | _amanagement | ||
| 650 | _aManagement,Insight,incisive,analysers,(June,,2017-,),management | ||
| 942 | _cJN | ||
| 999 |
_c284059 _d284059 |
||